000 00713 a2200217 4500
010 _aENG-85728
020 _a8189253360
_c275.00
035 _aEN-69261
037 _bD.B.Act / Pub
082 _a621.3822
090 _c3444
_d3444
100 _aAgrawal, J. P.
245 _aSignals and systems
_cby J. P. Agrawal
260 _aNew Delhi
_bParagon International Publishers
_c2006
270 _a5, Ansari Road, Darya Ganj
_bNew Delhi
_cDelhi
_e110002
_k23274151
_mgph2004@yahoo.co.in
300 _axiv, 638 p.
_c23 cm. (Pbk)
500 _aIncludes index.
650 _aSignals
942 _adpl
_cEN
_k621.3822 / AGR
999 _c3377
_d3377